Les moyens d'expression du grec et de l'égyptien, comparés dans les décrets de Canope et de Memphis /

Saved in:

Main Author: Daumas, François (Author)

Format: Book

Language: French

Published: Le Caire : Impr. de l'Institut français d'archéologie orientale, 1952.

Series: Supplement aux Annales du Service des Antiquites de l'Egypte ; 16.
SASAE ; 16.

Subjects:

Tags: Add Tag

No Tags, Be the first to tag this record!

Call Number: DT57 .A21 v.16

LEADER 01049nam a2200301I 4500
001 5636
003 OSt
005 20260330100037.0
008 130303s1952 ua b 000 0 fre d
010 |a 60030293 
040 |c ARCE Library 
043 |a f-ua--- 
050 4 |a DT57 .A21 v.16 
100 1 |a Daumas, François,  |e author 
245 1 4 |a Les moyens d'expression du grec et de l'égyptien, comparés dans les décrets de Canope et de Memphis /  |c François Daumas. 
264 1 |a Le Caire :   |b Impr. de l'Institut français d'archéologie orientale,   |c 1952. 
300 |a iv, 302 pages ;  |c 29 cm. 
490 1 |a Supplement aux Annales du Service des Antiquites de l'Egypte ;   |v 16. 
490 1 |a SASAE ;   |v 16. 
504 |a Bibliographical footnotes. 
650 0 |a Inscriptions, Egyptian. 
650 0 |a Inscriptions, Greek  |z Egypt. 
650 0 |a Grammar, Comparative and general. 
830 0 |a Supplement aux Annales du Service des Antiquites de l'Egypte ;   |v 16. 
830 0 |a SASAE ;   |v 16. 
901 |a reviewed 
942 |c BK  |2 lcc 
999 |c 9956  |d 9956